00326pab a2200133 454500008004000000100001800040245003400058260000900092300001200101362000800113650003000121650002200151773001900173180718b1997 xxu||||| |||| 00| 0 eng d aAshwani Kumar aCongress: the road to revival c1997 ap.16-17 aAug aPolitical parties - India aPolitical parties aPolitics India